Atlas des nordlichen gestirnten himmels fur den anfang des jahres 1855(in German) (Record no. 4779)

MARC details
000 -LEADER
fixed length control field 00633nam a2200193Ia 4500
003 - CONTROL NUMBER IDENTIFIER
control field IN-BaIIA
008 - FIXED-LENGTH DATA ELEMENTS--GENERAL INFORMATION
fixed length control field 211028s9999 xx 000 0 eng d
040 ## - CATALOGING SOURCE
Transcribing agency IIA Library
080 ## - UNIVERSAL DECIMAL CLASSIFICATION NUMBER
Universal Decimal Classification number 084.4:524.31
Item number ARG
100 ## - MAIN ENTRY--PERSONAL NAME
Personal name Argelander, F. W. A
9 (RLIN) 1081
245 #0 - TITLE STATEMENT
Title Atlas des nordlichen gestirnten himmels fur den anfang des jahres 1855(in German)
Statement of responsibility, etc. F. W. A. Argelander
260 ## - PUBLICATION, DISTRIBUTION, ETC.
Place of publication, distribution, etc. Bonn, Berlin
Name of publisher, distributor, etc. Ferdinand Dummlers Verlag
Date of publication, distribution, etc. 1862
300 ## - PHYSICAL DESCRIPTION
Extent 40p.
490 ## - SERIES STATEMENT
Series statement Bonner Starkaten Zweite Serie
650 ## - SUBJECT ADDED ENTRY--TOPICAL TERM
Topical term or geographic name entry element  Atlas-Stars 
9 (RLIN) 8497
650 ## - SUBJECT ADDED ENTRY--TOPICAL TERM
Topical term or geographic name entry element  Stars Atlas
9 (RLIN) 8498
650 ## - SUBJECT ADDED ENTRY--TOPICAL TERM
Topical term or geographic name entry element Astronomy and Astrophysics Thesaurus 
9 (RLIN) 1143
942 ## - ADDED ENTRY ELEMENTS (KOHA)
Koha item type Books
Holdings
Withdrawn status Lost status Damaged status Not for loan Home library Current library Shelving location Date acquired Total Checkouts Full call number Barcode Date last seen Price effective from Koha item type
        IIA Library-Bangalore IIA Library-Kodaikanal General Stacks 24/10/1975   084.4:524.31/ ARG 5345 05/11/2021 24/10/1975 Books

Powered by Koha